| 000 | 03479nam a2200373 a 4500 | ||
|---|---|---|---|
| 001 | 000113424 | ||
| 003 | CHAP | ||
| 005 | 20260303122019.0 | ||
| 008 | 170621s2016 mx sm |||||||spa d | ||
| 040 | _cCHAP | ||
| 090 | _aTesis | ||
| 100 | 1 |
_aLópez Arias, Claudia de los Ángeles _9132686 |
|
| 245 | 1 | 0 |
_aEvaluación in vitro de la actividad antibacterian del extracto de chilchahua (Tagetes nelsonii) y estafiate (Artemisia ludoviciana subsp, mexicana) sobre una cepa de Escherichia coli / _cpor Claudia de los Ángeles López Arias. |
| 264 |
_aChapingo, Méx. : _bEl autor, _c2016. |
||
| 300 | _a1 recurso en línea (120 páginas). | ||
| 336 |
_2rdacontent _atexto _btxt |
||
| 337 |
_2rdamedia _acomputadora _bc |
||
| 338 |
_2rdacarrier _arecurso en línea _bcr |
||
| 502 |
_bIA _cAgroindustrias _d2016. |
||
| 520 | _aLa diversidad biológica de México es una de las mayores en el planeta y por su ubicación geográfica privilegiada abundan ecosistemas en los que encontramos diferentes tipos de vegetación. Así mismo, una gran parte de esta diversidad se encuentra en Chiapas, la región de los Altos se caracteriza por tener gran complejidad etnomédica (medicina indígena). Los indígenas han identificado empíricamente casi 1800 especies de plantas medicinales, de las cuales, entre 600 y 700 son conocidas ampliamente; sin embargo, soló 64 integran el llamado cuadro básico de la farmacopea Tzeltal-Tzotzil (Castro, 2000; Trujillo et al., 2001). Plantas pertenecientes a la familia Asteraceae han demostrado diversas propiedades biológicas que afectan a diversos organismos, desde bacterias, hongos, virus, ácaros e insectos. Por lo anterior, se planteó el siguiente trabajo de investigación para evaluar las propiedades antibacterianas que tiene Tagetes nelsonii Greenm y Artemisia ludoviciana subsp. mexicana, aislando las sustancias activas bajo un método de extracción y evidenciar el efecto de sus compuestos sobre una cepa de Escherichia coli. Los métodos usados para medir la actividad bacteriana de los extractos contra la bacteria fueron: cinética de crecimiento y la prueba de susceptibilidad antibacteriana por difusión en disco bajo el método Kirby Bauer. Se evaluaron 6 tratamientos con varias repeticiones, mediante el diseño experimental completamente al azar y la prueba de rangos multiples de Tukey (error: 0.05), este análisis evidencio que porcentaje de inhibición esta en relación a la concentración de los tratamientos y se demostró el efecto de resistencia antibacteriana de E. coli frente al extracto de A. ludoviciana contrario a T. nelsonii el cual mostro sensibilidad intermedia. La discrepancia en los resultados pudo ser consecuencia del mecanismo de acción, la técnica de extracción o bien la metodología utilizada. Por lo anterior este estudio no se puede generalizar a otras bacterias y otras especies. | ||
| 590 |
_aBATCH-UPD _b05 _c20170622 |
||
| 590 |
_aE8697GMM _b05 _c20170621 |
||
| 590 |
_aE8697GMM _b05 _c20170621 |
||
| 590 |
_aE8697GMM _b05 _c20170622 |
||
| 590 |
_aE8697GMM _b05 _c20170622 |
||
| 650 | 1 | 4 |
_aArtemisia ludoviciana _xComo bactericida. _9132688 |
| 650 | 1 | 4 |
_aEscherichia coli _xControl. _9132310 |
| 650 | 1 | 4 |
_aExtractos vegetales _xEfecto en bacterias. _9132309 |
| 650 | 1 | 4 |
_aTagetes _xComo bactericida. _9132689 |
| 856 |
_uhttp://10.13.5.2/tesis/sist113424.pdf _zDESCARGAR PDF |
||
| 942 |
_cTD _2Clasificación Universidad Autónoma Chapingo |
||
| 999 |
_c109885 _d109885 |
||